Losowe azjatyckie stolice na mapie - Statystyki

Ogólne statystyki
  • Ten quiz został rozwiązany 233 razy
  • Średni wynik to 8 z 12
Odpowiedzi na mapie
Odpowiedzi zakodowano w zielono-czerwonej skali na mapie do tego quizu, zgodnie z poniższymi procentami.
 
Statystyki odpowiedzi
Stolica % Poprawnych
Ankara
100%
New Delhi
100%
Rijad
100%
Seul
100%
Tokio
100%
Pekin
89%
Pjongjang
89%
Jerozolima
86%
Ułan Bator
86%
Baku
83%
Erywań
83%
Malé
82%
Thimphu
82%
Singapur
77%
Katmandu
75%
Tbilisi
75%
Kuwejt
71%
Teheran
71%
Sri Dźajawardanapura Kotte
70%
Abu Dhabi
67%
Amman
67%
Bejrut
67%
Manila
67%
Nikozja
67%
Phnom Penh
67%
Sana
67%
Tajpej
67%
Wientian
67%
Hanoi
64%
Biszkek
62%
Dhaka
57%
Dili
57%
Manama
56%
Bangkok
55%
Dżakarta
55%
Islamabad
55%
Kabul
54%
Bandar Seri Begawan
50%
Duszanbe
50%
Kuala Lumpur
50%
Nur-Sułtan
50%
Bagdad
45%
Taszkient
44%
Damaszek
43%
Aszchabad
36%
Muskat
36%
Doha
33%
Naypyidaw
33%
Nie znaleziono quizów pasujących do podanych kryteriów
Rozkład punktacji
Procent ludzi z każdym wynikiem
Percentyl według liczby udzielonych odpowiedzi
Twoja historia wyników
Nie rozwiązałeś tego quizu